Counties seats of Maryland. - Statistics

General Stats
  • This quiz has been taken 6 times
  • The average score is 17 of 23
Answer Stats
Hint Answer % Correct
Anne Arundel Annapolis
100%
Harford Bel Air
100%
Dorchester Cambridge
100%
Talbot Easton
100%
Cecil Elkton
100%
Frederick Frederick
100%
Wicomico Salisbury
100%
Howard Ellicott City
75%
Washington Hagerstown
75%
Garrett Oakland
75%
Montgomery Rockville
75%
Worcester Snow Hill
75%
Baltimore Towson
75%
Carroll Westminster
75%
Queen Anne's Centreville
50%
Kent Chestertown
50%
Allegany Cumberland
50%
Caroline Denton
50%
Charles La Plata
50%
St. Mary's Leonardtown
50%
Calvert Prince Frederick
50%
Somerset Princess Anne
50%
Prince George's Upper Marlboro
50%
No matching quizzes found
Score Distribution
Percent of People with Each Score
Percentile by Number Answered
Your Score History
You have not taken this quiz